000 00273nam a22001097a 4500
008 170104b xxu||||| |||| 00| 0 eng d
020 _a9781416001713
041 _aeng
080 _a618.2
245 _aUNDERSTANDING HOSPITAL BILLING AND CODING
_cfERENC, D.P
942 _2udc
_cBK
999 _c2521
_d2521